Centroamérica : tres siglos de historia. Exposición de libros y documentos de los siglos XVII, XVIII y XIX.
Bewaard in:
| Formaat: | Onbekend |
|---|---|
| Taal: | Spanish |
| Gepubliceerd in: |
Nicaragua :
Instituto de Historia de Nicaragua. UCA,
1992.
|
| Onderwerpen: | |
| Tags: |
Voeg label toe
Geen labels, Wees de eerste die dit record labelt!
|
MARC
| LEADER | 000000000a22000000004500 | ||
|---|---|---|---|
| 001 | 001628 | ||
| 041 | 0 | |a spa | |
| 082 | 0 | 4 | |a 972.850.1 |b C397ce Referencia |
| 245 | 0 | 0 | |a Centroamérica : |b tres siglos de historia. Exposición de libros y documentos de los siglos XVII, XVIII y XIX. |
| 260 | 1 | |a Nicaragua : |b Instituto de Historia de Nicaragua. UCA, |c 1992. | |
| 300 | |a 20 páginas : |b ilustraciones, mapas | ||
| 650 | 4 | |a AMERICA CENTRAL | |
| 650 | 4 | |a FUENTES | |
| 650 | 4 | |a HISTORIA | |
| 650 | 4 | |a LIBROS | |
| 650 | 4 | |a DOCUMENTOS | |
| 650 | 4 | |a SIGLO XVII-XIX | |
| 999 | |c 8328 |d 8328 | ||
| 942 | |c BK |h 972.850.1 C397ce Referencia |2 z | ||
